| 000 | 01058cam a22002531i 4500 | ||
|---|---|---|---|
| 003 | SA-RiAUC | ||
| 005 | 20250213093029.0 | ||
| 008 | 250201s1986 le g 000 0dara c | ||
| 040 |
_aSA-MuMU _bara _cSA-RiAUC _erda |
||
| 050 | 4 | _bJ39 1986 | |
| 082 | 0 | 4 |
_a371.0710956 _qSA-RiAUC |
| 090 |
_a371.0710956 _b ج و د |
||
| 100 | 1 |
_aجودة، صادق أحمد داود _eمؤلف. |
|
| 245 | 1 | 2 |
_aالمدارس العصرونية في بلاد الشام / _cتأليف صادق أحمد داود جودة. |
| 264 | 1 |
_aبيروت : _bمؤسسة الرسالة، _c1986 |
|
| 300 |
_a224 صفحة ؛ _c24 سم |
||
| 336 |
_aنص _btxt _2rdacontent _3كتاب |
||
| 337 |
_aبدون وسيط _bn _2rdamedia |
||
| 338 |
_aمجلد _bnc _2rdacarrier |
||
| 600 | 1 | 7 |
_aابن أبي عصرون، عبد الله بن محمد بن هبة الله، _d492-585 هجري _2aucnm |
| 650 | 7 |
_aالمدارس الدينية الإسلامية _zبلاد الشام _xتاريخ _2aucsh |
|
| 942 |
_2ddc _cBOOK _n0 |
||
| 949 |
_aSA-JeALM _d250201 _umohamedma123 _n1 |
||
| 999 |
_c5912 _d5912 |
||